[Event "Czech-ch U18-20 Open 2022"]
[Site "Spindleruv Mlyn"]
[Date "2022.03.13"]
[Round "3.4"]
[White "Gloser, David"]
[Black "Hlavina, Matous"]
[Result "1/2-1/2"]
[WhiteElo "2238"]
[BlackElo "2112"]
[Annotator "ChessBase"]
[PlyCount "64"]
[EventDate "2022.03.10"]
[EventType "tourn"]
[EventCountry "CZE"]
[SourceTitle "playchess.com"]
[Source "ChessBase"]
[SourceQuality "1"]
[TimeControl "40/5400+30:1800+30"]

1. e4 {[%emt 0:00:03]} e6 {[%emt 0:00:04]} 2. d4 {[%emt 0:00:05]} d5 {[%emt 0:00:05]} 3. e5 {[%emt 0:00:04]} c5 {[%emt 0:00:19]} 4. c3 {[%emt 0:00:04]} Nc6 {[%emt 0:00:03]} 5. Nf3 {[%emt 0:00:04]} Qb6 {[%emt 0:00:07]} 6. Bd3 {[%emt 0:00:06]} cxd4 {[%emt 0:01:00]} 7. O-O {[%emt 0:00:06]} Bd7 {[%emt 0:02:16]} 8. Re1 {[%emt 0:02:32]} a6 {[%emt 0:03:20]} 9. Nbd2 {[%emt 0:03:47]} Nge7 {[%emt 0:17:25]} 10. h4 {[%emt 0:04:53]} h6 {[%emt 0:10:27]} 11. h5 {[%emt 0:02:39]} O-O-O {[%emt 0:03:18]} 12. Nb3 {[%emt 0:06:35]} Kb8 {[%emt 0:04:14]} 13. a4 {[%emt 0:16:11]} a5 {[%emt 0:06:27]} 14. Rb1 {[%emt 0:08:22]} g5 {[%emt 0:09:57]} 15. Nfxd4 {[%emt 0:08:11]} Nxd4 {[%emt 0:09:21]} 16. Nxd4 {[%emt 0:00:03]} Nc6 {[%emt 0:02:57]} 17. Nxc6+ {[%emt 0:14:05]} Bxc6 {[%emt 0:02:21]} 18. b4 {[%emt 0:01:13]} d4 {[%emt 0:02:16]} 19. b5 {[%emt 0:03:16]} Be8 {[%emt 0:00:37]} 20. c4 {[%emt 0:01:36]} Qc7 {[%emt 0:03:48]} 21. f4 {[%emt 0:06:13]} gxf4 {[%emt 0:01:20]} 22. Qf3 {[%emt 0:00:17]} Rg8 {[%emt 0:02:08]} 23. Bxf4 {[%emt 0:02:02]} b6 {[%emt 0:00:46]} 24. Bh2 {[%emt 0:04:57]} Be7 {[%emt 0:01:15]} 25. Rb2 {[%emt 0:01:34]} Bg5 {[%emt 0:01:13]} 26. Bf4 {[%emt 0:01:01]} f5 {[%emt 0:02:31]} 27. Bh2 {[%emt 0:03:25]} Qb7 {[%emt 0:01:29]} 28. Qh3 {[%emt 0:01:21]} Qf7 {[%emt 0:01:09]} 29. Be2 {[%emt 0:01:01]} Be3+ {[%emt 0:01:49]} 30. Kh1 {[%emt 0:01:37]} Bd7 {[%emt 0:01:21]} 31. Qf3 {[%emt 0:02:53]} Qg7 {[%emt 0:03:32]} 32. Bd3 {[%emt 0:01:13]} Bc8 {[%emt 0:01:05]} 1/2-1/2

[Event "Czech-ch U18-20 Open 2022"]
[Site "Spindleruv Mlyn"]
[Date "2022.03.13"]
[Round "3.5"]
[White "Babula, Vlastimil"]
[Black "Kusa, Jakub"]
[Result "0-1"]
[WhiteElo "2558"]
[BlackElo "2298"]
[Annotator "TA"]
[PlyCount "56"]
[EventDate "2022.03.10"]
[EventType "tourn"]
[EventCountry "CZE"]
[SourceTitle "playchess.com"]
[Source "ChessBase"]
[SourceQuality "1"]

{[%evp 14,56,3,-20,2,-28,-14,-26,0,0,29,25,83,0,0,-161,0,0,0,0,0,0,0,0,0,-113,-117,-180,-110,-326,-170,-241,-252,-383,-366,-332,-341,-386,-366,-391,-394,-391,-370,-373,-365]} 1. e4 e5 2. Nf3 Nc6 3. d4 exd4 4. Nxd4 Nf6 {[%cal Bg8f6,Bf6d5,Bd5b6][%mdl 32]} 5. Nxc6 bxc6 6. e5 Qe7 7. Qe2 Nd5 8. h4 (8. c4 $5 {[%cal Rc4d5]} Ba6 9. Nd2 $11) 8... a5 {C45: Scotch Game.} 9. c4 Nb6 10. Nd2 Ba6 {Black has an edge.} 11. b3 Qe6 12. Bb2 Bb4 (12... a4 $11) 13. g3 {[#]} (13. Rh3 $16) 13... O-O $146 {Threatens to win with ...d5.} ({Predecessor:} 13... a4 14. O-O-O axb3 15. axb3 Qe7 16. Kc2 Bb7 17. Ne4 O-O 18. Nf6+ Kh8 19. Qh5 h6 {1-0 (27) Roebers,E (2365)-Schimnatkowski,L (2206) Untergrombach 2022}) 14. Bg2 (14. O-O-O $11 {and White has nothing to worry.}) 14... Rfe8 $2 (14... d5 $1 $19 {[%cal Rd5c4]} 15. exd6 Rae8 16. Qxe6 Rxe6+ 17. Kf1 Bxd2 18. dxc7 Na8) 15. O-O d5 {[%cal Rd5c4]} 16. Nf3 dxc4 {Strongly threatening ...c3.} 17. Ng5 (17. Qe4 $2 c3 18. Bc1 Bxf1 19. Bxf1 Qd5 $19) 17... c3 18. Qc2 Qh6 {Dancing on a razor blade.} (18... Qg6 19. Be4 $1 Qh5 20. Bxh7+ Kf8 21. Bxc3 Bxf1 22. Rxf1 $16) 19. Bc1 (19. Bxc3 $11 {was the only way to keep the balance.} Bxf1 20. Rxf1) 19... Bxf1 $17 (19... Rxe5 20. Nxf7 $1 Qe6 21. Nxe5 Bxf1 22. Be4 (22. Kxf1 Qxe5 23. Bxc6 Rf8 $11) (22. Bxc6 Rf8 $14) 22... Qxe5 23. Bxh7+ Kh8 24. Bf4 $11) 20. Be4 (20. Kxf1 $17 {was called for.} f6 21. exf6 gxf6 22. Ne4) 20... g6 21. a3 $2 {White does not recover from this.} (21. Kxf1 $17 Qg7 22. a3 Qxe5 23. axb4 axb4 24. Rxa8 Rxa8 25. Kg2) 21... Qg7 22. axb4 (22. Kxf1 $142 Bf8 23. Nf3) 22... Bb5 $19 (22... Rxe5 23. Kxf1 axb4 24. Rxa8+ Nxa8 25. Bf4 $14 (25. Bxc6 Qf6 $11)) (22... axb4 23. Rxa8 Rxa8 24. Kxf1 $17) 23. Qxc3 (23. bxa5 $142 Qxe5 24. Bf4) 23... Qxe5 24. Qxe5 Rxe5 25. Bb2 Ree8 {Black is winning.} 26. bxa5 {[#]} h6 $1 27. axb6 Rxa1+ 28. Bxa1 {[%cal Ob6c7]} cxb6 {Weighted Error Value: White=0.54/Black=0.26 (precise)} ({Not} 28... hxg5 $2 29. b7 $19) 0-1

[Event "Czech-ch U18-20 Open 2022"]
[Site "Spindleruv Mlyn"]
[Date "2022.03.13"]
[Round "3.6"]
[White "Lajbl, Jan"]
[Black "Stalmach, Richard"]
[Result "1-0"]
[WhiteElo "2218"]
[BlackElo "2302"]
[Annotator "ChessBase"]
[PlyCount "69"]
[EventDate "2022.03.10"]
[EventType "tourn"]
[EventCountry "CZE"]
[SourceTitle "playchess.com"]
[Source "ChessBase"]
[SourceQuality "1"]
[TimeControl "40/5400+30:1800+30"]

1. e4 {[%emt 0:00:01]} c5 {[%emt 0:00:06]} 2. Nf3 {[%emt 0:00:07]} d6 {[%emt 0:00:06]} 3. d4 {[%emt 0:00:16]} cxd4 {[%emt 0:00:05]} 4. Nxd4 {[%emt 0:00:07]} Nf6 {[%emt 0:00:06]} 5. Nc3 {[%emt 0:00:02]} a6 {[%emt 0:00:05]} 6. g3 {[%emt 0:00:48]} e5 {[%emt 0:00:14]} 7. Nde2 {[%emt 0:00:11]} Be7 {[%emt 0:00:26]} 8. Bg2 {[%emt 0:00:09]} b5 {[%emt 0:00:04]} 9. a3 {[%emt 0:01:54]} Nbd7 {[%emt 0:06:17]} 10. h3 {[%emt 0:02:23]} Bb7 {[%emt 0:02:02]} 11. g4 {[%emt 0:01:35]} Nb6 {[%emt 0:15:43]} 12. Ng3 {[%emt 0:07:14]} g6 {[%emt 0:08:40]} 13. Bh6 {[%emt 0:08:22]} Nfd7 {[%emt 0:07:05]} 14. O-O {[%emt 0:10:46]} Rc8 {[%emt 0:02:16]} 15. f4 {[%emt 0:12:52]} exf4 {[%emt 0:07:36]} 16. Bxf4 {[%emt 0:02:21]} Ne5 {[%emt 0:01:56]} 17. Nd5 {[%emt 0:05:22]} O-O {[%emt 0:01:00]} 18. Nxe7+ {[%emt 0:10:27]} Qxe7 {[%emt 0:00:05]} 19. Qd4 {[%emt 0:00:43]} Na4 {[%emt 0:04:07]} 20. Rf2 {[%emt 0:05:13]} Rc4 {[%emt 0:28:28]} 21. Qe3 {[%emt 0:04:55]} Nxb2 {[%emt 0:00:02]} 22. Bh6 {[%emt 0:01:24]} Rfc8 {[%emt 0:00:14]} 23. Bg5 {[%emt 0:01:47]} Qe8 {[%emt 0:01:22]} 24. Qf4 {[%emt 0:05:15]} Na4 {[%emt 0:02:47]} 25. Rd1 {[%emt 0:08:01]} d5 {[%emt 0:06:04]} 26. Bf6 {[%emt 0:03:08]} Nd7 {[%emt 0:00:07]} 27. Nf5 {[%emt 0:00:38]} Nxf6 {[%emt 0:01:44]} 28. Nh6+ {[%emt 0:00:30]} Kf8 {[%emt 0:00:03]} 29. Qxf6 {[%emt 0:00:07]} Nc3 {[%emt 0:03:28]} 30. Rdf1 {[%emt 0:02:00]} Nxe4 {[%emt 0:01:33]} 31. Qxf7+ {[%emt 0:02:47]} Qxf7 {[%emt 0:00:04]} 32. Rxf7+ {[%emt 0:00:04]} Ke8 {[%emt 0:00:03]} 33. Rxb7 {[%emt 0:00:12]} Rxc2 {[%emt 0:00:16]} 34. Rff7 {[%emt 0:01:02]} Ng5 {[%emt 0:00:37]} 35. Rg7 {[%emt 0:00:27]} 1-0

[Event "Czech-ch U18-20 Open 2022"]
[Site "Spindleruv Mlyn"]
[Date "2022.03.13"]
[Round "4.1"]
[White "Mica, Marek"]
[Black "Stalmach, Richard"]
[Result "1/2-1/2"]
[WhiteElo "2272"]
[BlackElo "2302"]
[Annotator "ChessBase"]
[PlyCount "132"]
[EventDate "2022.03.10"]
[EventType "tourn"]
[EventCountry "CZE"]
[SourceTitle "playchess.com"]
[Source "ChessBase"]
[SourceQuality "1"]
[TimeControl "40/5400+30:1800+30"]

1. d4 {[%emt 0:00:04]} Nf6 {[%emt 0:00:09]} 2. c4 {[%emt 0:00:08]} g6 {[%emt 0:00:05]} 3. Nf3 {[%emt 0:00:05]} Bg7 {[%emt 0:00:07]} 4. g3 {[%emt 0:00:07]} O-O {[%emt 0:00:06]} 5. Bg2 {[%emt 0:00:04]} d6 {[%emt 0:00:05]} 6. O-O {[%emt 0:00:06]} Nc6 {[%emt 0:00:04]} 7. Nc3 {[%emt 0:00:09]} a6 {[%emt 0:00:08]} 8. b3 {[%emt 0:00:09]} Rb8 {[%emt 0:00:14]} 9. Nd5 {[%emt 0:00:33]} b5 {[%emt 0:06:14]} 10. Nxf6+ {[%emt 0:04:32]} Bxf6 {[%emt 0:01:36]} 11. Bh6 {[%emt 0:01:32]} Re8 {[%emt 0:00:52]} 12. Rc1 {[%emt 0:02:53]} e5 {[%emt 0:07:06]} 13. dxe5 {[%emt 0:10:21]} Nxe5 {[%emt 0:00:43]} 14. Nxe5 {[%emt 0:02:21]} Bxe5 {[%emt 0:06:09]} 15. Qd2 {[%emt 0:06:29]} Be6 {[%emt 0:05:49]} 16. cxb5 {[%emt 0:02:20]} axb5 {[%emt 0:00:48]} 17. Bf4 {[%emt 0:00:59]} Bf6 {[%emt 0:16:55]} 18. Bc6 {[%emt 0:03:37]} Bd7 {[%emt 0:02:48]} 19. Qd3 {[%emt 0:05:52]} Rb6 {[%emt 0:02:20]} 20. Bxd7 {[%emt 0:00:40]} Qxd7 {[%emt 0:00:04]} 21. Rc2 {[%emt 0:01:42]} Qe7 {[%emt 0:10:26]} 22. Rd1 {[%emt 0:02:07]} b4 {[%emt 0:02:07]} 23. h4 {[%emt 0:10:35]} h5 {[%emt 0:05:57]} 24. Qc4 {[%emt 0:05:26]} Rc8 {[%emt 0:06:43]} 25. Rd5 {[%emt 0:01:54]} Qe6 {[%emt 0:02:02]} 26. Kg2 {[%emt 0:05:06]} Ra8 {[%emt 0:01:10]} 27. e4 {[%emt 0:07:59]} Bc3 {[%emt 0:03:21]} 28. Bd2 {[%emt 0:17:35]} c6 {[%emt 0:07:20]} 29. Rd3 {[%emt 0:00:15]} Qxc4 {[%emt 0:02:11]} 30. bxc4 {[%emt 0:00:05]} Be5 {[%emt 0:00:02]} 31. f4 {[%emt 0:01:31]} Bg7 {[%emt 0:00:35]} 32. Rxd6 {[%emt 0:01:20]} Rba6 {[%emt 0:00:32]} 33. Bxb4 {[%emt 0:03:46]} Bf8 {[%emt 0:00:05]} 34. c5 {[%emt 0:00:27]} Rxa2 {[%emt 0:07:01]} 35. Rxa2 {[%emt 0:00:37]} Rxa2+ {[%emt 0:00:02]} 36. Kf3 {[%emt 0:01:46]} Rb2 {[%emt 0:00:04]} 37. Rd4 {[%emt 0:00:25]} Rb3+ {[%emt 0:00:04]} 38. Kg2 {[%emt 0:00:23]} Rb2+ {[%emt 0:00:03]} 39. Kh3 {[%emt 0:01:27]} Rc2 {[%emt 0:00:13]} 40. Rd8 {[%emt 0:01:27]} Rc4 {[%emt 0:07:22]} 41. Ba5 {[%emt 0:05:27]} Rxe4 {[%emt 0:12:36]} 42. Bc7 {[%emt 0:03:03]} Kg7 {[%emt 0:00:22]} 43. Be5+ {[%emt 0:02:18]} f6 {[%emt 0:00:03]} 44. Rd7+ {[%emt 0:04:35]} Kg8 {[%emt 0:01:22]} 45. Bxf6 {[%emt 0:04:48]} Re2 {[%emt 0:05:25]} 46. Rc7 {[%emt 0:02:30]} Re6 {[%emt 0:04:49]} 47. Bd4 {[%emt 0:00:43]} Be7 {[%emt 0:01:44]} 48. Kg2 {[%emt 0:01:02]} Kf8 {[%emt 0:00:10]} 49. Kf3 {[%emt 0:00:37]} Ke8 {[%emt 0:00:08]} 50. Ra7 {[%emt 0:02:20]} Re1 {[%emt 0:00:08]} 51. Bf2 {[%emt 0:01:46]} Rf1 {[%emt 0:00:41]} 52. Ra8+ {[%emt 0:00:43]} Kf7 {[%emt 0:00:16]} 53. Kg2 {[%emt 0:00:45]} Rc1 {[%emt 0:00:29]} 54. Ra7 {[%emt 0:01:45]} Kf8 {[%emt 0:02:39]} 55. Rc7 {[%emt 0:03:07]} Bxc5 {[%emt 0:00:06]} 56. Rxc6 {[%emt 0:00:09]} Be3 {[%emt 0:00:03]} 57. Rxc1 {[%emt 0:00:48]} Bxc1 {[%emt 0:00:05]} 58. Kf3 {[%emt 0:00:05]} Kf7 {[%emt 0:00:02]} 59. Ke4 {[%emt 0:00:12]} Ke6 {[%emt 0:00:10]} 60. Bb6 {[%emt 0:01:21]} Ba3 {[%emt 0:00:08]} 61. Bc7 {[%emt 0:00:40]} Bb4 {[%emt 0:00:10]} 62. Bb8 {[%emt 0:00:42]} Be1 {[%emt 0:00:12]} 63. Ke3 {[%emt 0:00:39]} Bxg3 {[%emt 0:01:38]} 64. f5+ {[%emt 0:00:17]} Kxf5 {[%emt 0:00:03]} 65. Bxg3 {[%emt 0:00:08]} g5 {[%emt 0:00:08]} 66. hxg5 {[%emt 0:00:10]} Kxg5 {[%emt 0:00:05]} 1/2-1/2

[Event "Czech-ch U18-20 Open 2022"]
[Site "Spindleruv Mlyn"]
[Date "2022.03.13"]
[Round "4.2"]
[White "Kusa, Jakub"]
[Black "Lajbl, Jan"]
[Result "1-0"]
[WhiteElo "2298"]
[BlackElo "2218"]
[Annotator "ChessBase"]
[PlyCount "129"]
[EventDate "2022.03.10"]
[EventType "tourn"]
[EventCountry "CZE"]
[SourceTitle "playchess.com"]
[Source "ChessBase"]
[SourceQuality "1"]
[TimeControl "40/5400+30:1800+30"]

1. d4 {[%emt 0:00:03]} d5 {[%emt 0:00:02]} 2. c4 {[%emt 0:00:08]} e6 {[%emt 0:00:03]} 3. Nf3 {[%emt 0:00:12]} a6 {[%emt 0:00:39]} 4. g3 {[%emt 0:02:09]} dxc4 {[%emt 0:00:57]} 5. Bg2 {[%emt 0:01:18]} c5 {[%emt 0:00:44]} 6. O-O {[%emt 0:01:44]} cxd4 {[%emt 0:00:24]} 7. Qxd4 {[%emt 0:00:24]} Qxd4 {[%emt 0:00:06]} 8. Nxd4 {[%emt 0:00:08]} e5 {[%emt 0:00:24]} 9. Nc2 {[%emt 0:02:39]} Nc6 {[%emt 0:04:11]} 10. Nd2 {[%emt 0:10:36]} Be6 {[%emt 0:00:57]} 11. Ne3 {[%emt 0:03:15]} c3 {[%emt 0:04:01]} 12. bxc3 {[%emt 0:00:13]} O-O-O {[%emt 0:05:07]} 13. Ndc4 {[%emt 0:05:23]} f6 {[%emt 0:02:03]} 14. Rb1 {[%emt 0:03:22]} Bc5 {[%emt 0:13:05]} 15. Nb6+ {[%emt 0:04:28]} Bxb6 {[%emt 0:01:12]} 16. Rxb6 {[%emt 0:04:52]} Kc7 {[%emt 0:01:43]} 17. Rb2 {[%emt 0:00:36]} Nge7 {[%emt 0:02:31]} 18. Bd2 {[%emt 0:03:37]} Nd5 {[%emt 0:16:52]} 19. c4 {[%emt 0:02:50]} Nxe3 {[%emt 0:02:57]} 20. Bxe3 {[%emt 0:00:11]} Rb8 {[%emt 0:06:28]} 21. Bd5 {[%emt 0:02:59]} Rhe8 {[%emt 0:06:42]} 22. Rfb1 {[%emt 0:02:51]} f5 {[%emt 0:11:02]} 23. Ba7 {[%emt 0:06:27]} Nxa7 {[%emt 0:03:09]} 24. Rxb7+ {[%emt 0:00:08]} Rxb7 {[%emt 0:00:17]} 25. Rxb7+ {[%emt 0:00:06]} Kd6 {[%emt 0:00:44]} 26. Bxe6 {[%emt 0:01:27]} Rxe6 {[%emt 0:04:56]} 27. Rxa7 {[%emt 0:00:07]} Re7 {[%emt 0:01:18]} 28. Rxa6+ {[%emt 0:01:15]} Kc5 {[%emt 0:00:03]} 29. Ra4 {[%emt 0:00:27]} f4 {[%emt 0:01:48]} 30. Kg2 {[%emt 0:00:45]} fxg3 {[%emt 0:01:07]} 31. hxg3 {[%emt 0:00:27]} e4 {[%emt 0:00:38]} 32. g4 {[%emt 0:01:33]} Rd7 {[%emt 0:02:19]} 33. Kg3 {[%emt 0:02:35]} Rf7 {[%emt 0:00:30]} 34. e3 {[%emt 0:04:48]} Rf3+ {[%emt 0:00:36]} 35. Kg2 {[%emt 0:00:11]} Rf7 {[%emt 0:00:10]} 36. Ra8 {[%emt 0:02:14]} Kxc4 {[%emt 0:00:53]} 37. Rd8 {[%emt 0:00:09]} Re7 {[%emt 0:04:50]} 38. Rd4+ {[%emt 0:00:16]} Kc5 {[%emt 0:00:39]} 39. a4 {[%emt 0:00:18]} g6 {[%emt 0:01:04]} 40. a5 {[%emt 0:01:27]} Kb5 {[%emt 0:01:58]} 41. Rd5+ {[%emt 0:30:31]} Kc6 {[%emt 0:02:10]} 42. Rd2 {[%emt 0:00:00]} Ra7 {[%emt 0:03:40]} 43. Ra2 {[%emt 0:00:00]} Ra6 {[%emt 0:01:28]} 44. g5 {[%emt 0:00:00]} Kb7 {[%emt 0:12:00]} 45. Kg3 {[%emt 0:00:00]} Re6 {[%emt 0:00:50]} 46. Rb2+ {[%emt 0:00:00]} Ka7 {[%emt 0:00:45]} 47. Kf4 {[%emt 0:00:00]} Re7 {[%emt 0:01:59]} 48. Rb6 {[%emt 0:00:00]} Rf7+ {[%emt 0:02:34]} 49. Rf6 {[%emt 0:00:00]} Re7 {[%emt 0:00:03]} 50. a6 {[%emt 0:00:00]} Ka8 {[%emt 0:01:23]} 51. f3 {[%emt 0:00:00]} exf3 {[%emt 0:00:43]} 52. Kxf3 {[%emt 0:00:00]} Re5 {[%emt 0:03:55]} 53. Kf4 {[%emt 0:00:00]} Ra5 {[%emt 0:00:51]} 54. e4 {[%emt 0:00:00]} Ka7 {[%emt 0:02:41]} 55. Rf7+ {[%emt 0:00:00]} Kxa6 {[%emt 0:00:54]} 56. Rxh7 {[%emt 0:00:00]} Kb5 {[%emt 0:00:45]} 57. Rf7 {[%emt 0:00:00]} Kc4 {[%emt 0:02:11]} 58. Rf6 {[%emt 0:00:00]} Ra1 {[%emt 0:00:20]} 59. Rxg6 {[%emt 0:00:00]} Kd4 {[%emt 0:00:11]} 60. Rd6+ {[%emt 0:00:00]} Kc5 {[%emt 0:00:06]} 61. Rd2 {[%emt 0:00:00]} Rf1+ {[%emt 0:00:50]} 62. Ke5 {[%emt 0:00:00]} Rg1 {[%emt 0:00:18]} 63. Rc2+ {[%emt 0:00:00]} Kb6 {[%emt 0:00:05]} 64. Kf6 {[%emt 0:00:00]} Rg2 {[%emt 0:00:04]} 65. Rxg2 {[%emt 0:43:51]} 1-0

[Event "Czech-ch U18-20 Open 2022"]
[Site "Spindleruv Mlyn"]
[Date "2022.03.13"]
[Round "4.3"]
[White "Hlavina, Matous"]
[Black "Babula, Vlastimil"]
[Result "1/2-1/2"]
[WhiteElo "2112"]
[BlackElo "2558"]
[Annotator "TA"]
[PlyCount "52"]
[EventDate "2022.03.10"]
[EventType "tourn"]
[EventCountry "CZE"]
[SourceTitle "playchess.com"]
[Source "ChessBase"]
[SourceQuality "1"]

{[%evp 9,52,0,0,-14,0,0,6,0,12,-27,-14,-13,10,2,74,68,59,28,49,0,31,13,18,8,16,14,16,0,43,45,35,43,35,11,18,12,18,22,22,0,0,0,19,0,0]} 1. b3 e5 2. Bb2 Nc6 3. c4 Nf6 4. Nc3 g6 5. e3 Bg7 6. Nge2 {A01: Nimzowitsch-Larsen Opening.} O-O 7. d4 d6 {[#]} 8. h3 $146 ({Predecessor:} 8. d5 Ne7 9. Qd2 Nd7 10. O-O-O a5 11. Ng3 Nc5 12. Bd3 f5 13. Kb1 Bd7 14. Bc2 {0-1 (39) Grabmeier,J (1949)-Comes,B (2109) Bayerisch Eisenstein 2015}) 8... Re8 {[#] aiming for ...exd4.} 9. dxe5 (9. d5 $5 {[%cal Rd5c6]} Ne7 10. Ng3 $11) 9... dxe5 10. g4 Nb4 {Strongly threatening ...Nd3+.} 11. Ng3 c6 (11... Qe7 $11 {remains equal.}) 12. a3 (12. g5 {looks sharper.} Nd7 13. a3 Na6 14. h4 Qe7 15. Be2) 12... Na6 13. Qxd8 (13. g5 {keeps more tension.} Nh5 14. Nxh5 gxh5 15. Qxh5 Nc5 16. Rd1) 13... Rxd8 14. b4 {Prevents Nc5.} (14. g5 $1 $14) 14... h6 (14... Be6 $5 {[%cal Ra6c7]}) 15. Be2 Be6 16. Rd1 Nc7 17. O-O Nd7 18. Nge4 Nb6 (18... Ne8 $11) 19. Nd6 $14 Rab8 20. Nce4 Ne8 21. Ba1 Nxd6 {The position is equal.} 22. Nxd6 Nc8 23. Ne4 Nb6 24. Nd6 Nc8 25. Ne4 Nb6 26. Nd6 Nc8 {Weighted Error Value: White=0.12 (very precise) /Black=0.12 (very precise)} 1/2-1/2

[Event "Czech-ch U18-20 Open 2022"]
[Site "Spindleruv Mlyn"]
[Date "2022.03.13"]
[Round "4.4"]
[White "Frank, Adam"]
[Black "Gloser, David"]
[Result "1-0"]
[WhiteElo "2270"]
[BlackElo "2238"]
[Annotator "ChessBase"]
[PlyCount "87"]
[EventDate "2022.03.10"]
[EventType "tourn"]
[EventCountry "CZE"]
[SourceTitle "playchess.com"]
[Source "ChessBase"]
[SourceQuality "1"]
[TimeControl "40/5400+30:1800+30"]

1. e4 {[%emt 0:00:02]} c5 {[%emt 0:00:05]} 2. Nf3 {[%emt 0:00:03]} d6 {[%emt 0:00:05]} 3. d4 {[%emt 0:00:03]} cxd4 {[%emt 0:00:05]} 4. Nxd4 {[%emt 0:00:02]} Nf6 {[%emt 0:00:07]} 5. Nc3 {[%emt 0:00:02]} g6 {[%emt 0:00:07]} 6. Be2 {[%emt 0:00:05]} Bg7 {[%emt 0:00:45]} 7. O-O {[%emt 0:00:06]} O-O {[%emt 0:01:48]} 8. Re1 {[%emt 0:00:04]} Nc6 {[%emt 0:02:22]} 9. Nb3 {[%emt 0:00:04]} a6 {[%emt 0:02:39]} 10. Bf1 {[%emt 0:00:28]} b5 {[%emt 0:06:47]} 11. Bg5 {[%emt 0:00:05]} Re8 {[%emt 0:10:37]} 12. a4 {[%emt 0:08:02]} b4 {[%emt 0:05:59]} 13. Nd5 {[%emt 0:00:05]} Nxd5 {[%emt 0:01:58]} 14. exd5 {[%emt 0:00:05]} Ne5 {[%emt 0:01:55]} 15. Qd2 {[%emt 0:13:04]} Rb8 {[%emt 0:07:16]} 16. Re4 {[%emt 0:13:30]} Qc7 {[%emt 0:05:56]} 17. Rxb4 {[%emt 0:17:34]} Rxb4 {[%emt 0:01:06]} 18. Qxb4 {[%emt 0:00:04]} Qxc2 {[%emt 0:00:54]} 19. Nd4 {[%emt 0:00:14]} Qc5 {[%emt 0:12:28]} 20. Qxc5 dxc5 {[%emt 0:00:04]} 21. Nb3 {[%emt 0:04:37]} Nd7 {[%emt 0:00:47]} 22. Re1 {[%emt 0:14:48]} Kf8 {[%emt 0:03:50]} 23. Re2 {[%emt 0:01:18]} Be5 {[%emt 0:07:41]} 24. Nxc5 {[%emt 0:02:47]} Nxc5 {[%emt 0:00:27]} 25. Rxe5 {[%emt 0:00:08]} f6 {[%emt 0:00:30]} 26. Bh6+ {[%emt 0:09:24]} Kf7 {[%emt 0:00:30]} 27. Re1 {[%emt 0:00:31]} g5 {[%emt 0:01:31]} 28. b4 {[%emt 0:00:04]} Nxa4 {[%emt 0:05:16]} 29. Bd3 {[%emt 0:00:23]} Nb6 {[%emt 0:02:46]} 30. f4 {[%emt 0:03:09]} Nxd5 {[%emt 0:05:43]} 31. fxg5 {[%emt 0:00:04]} f5 {[%emt 0:00:51]} 32. Re5 {[%emt 0:05:59]} Nxb4 {[%emt 0:01:21]} 33. Be2 {[%emt 0:00:48]} Kg6 {[%emt 0:02:53]} 34. h4 {[%emt 0:00:03]} e6 {[%emt 0:01:31]} 35. h5+ {[%emt 0:02:06]} Kf7 {[%emt 0:00:04]} 36. Bc4 {[%emt 0:04:50]} Nd5 {[%emt 0:01:23]} 37. Bxd5 {[%emt 0:00:56]} Rd8 {[%emt 0:01:14]} 38. Bf3 {[%emt 0:00:40]} Bd7 {[%emt 0:00:47]} 39. Rc5 {[%emt 0:00:13]} Be8 {[%emt 0:00:32]} 40. Rc7+ {[%emt 0:00:29]} Rd7 {[%emt 0:00:05]} 41. Rc8 {[%emt 0:30:04]} Re7 {[%emt 0:30:19]} 42. g6+ {[%emt 0:00:28]} hxg6 {[%emt 0:00:13]} 43. Bg5 {[%emt 0:00:04]} Bd7 {[%emt 0:00:27]} 44. Rc7 {[%emt 0:00:12]} 1-0

[Event "Czech-ch U18-20 Open 2022"]
[Site "Spindleruv Mlyn"]
[Date "2022.03.13"]
[Round "4.5"]
[White "Ocelak, Jakub"]
[Black "Svanda, Ondrej"]
[Result "0-1"]
[WhiteElo "2053"]
[BlackElo "2303"]
[Annotator "TA"]
[PlyCount "80"]
[EventDate "2022.03.10"]
[EventType "tourn"]
[EventCountry "CZE"]
[SourceTitle "playchess.com"]
[Source "ChessBase"]
[SourceQuality "1"]

{[%evp 14,80,39,5,7,18,29,0,0,-24,-20,-42,-17,-54,-40,-91,-43,-49,-43,-36,-36,-43,-25,-43,-44,-47,-59,-77,-71,-86,-81,-113,-94,-231,-114,-170,-168,-131,-58,-59,-31,-27,-20,-30,-47,-37,0,-120,45,46,48,8,8,8,8,8,8,8,8,8,8,10,9,-317,-320,-290,-304,-304,-304]} 1. c4 e5 2. Nc3 g6 3. g3 Bg7 4. Bg2 Nc6 5. e3 f5 6. Nge2 Nf6 7. d4 d6 8. b4 {[%cal Bb2b4,Bb4b5][%mdl 32]} O-O {A25: English Opening vs King's Indian with ...Nc6 but without early d3.} 9. b5 Ne7 10. O-O e4 {[#] The position is equal.} 11. Nf4 $146 {Prevents Be6.} ({Predecessor:} 11. a4 Be6 12. Qb3 Bf7 13. a5 a6 14. bxa6 bxa6 15. Qa4 Qd7 16. f3 exf3 17. Bxf3 {1-0 (63) Andreikin,D (2700)-Carlsen,M (2837) Astana 2012}) 11... g5 12. Nfd5 Be6 {[%cal Rf6d5]} 13. Qb3 Nexd5 14. cxd5 {[#]} (14. Nxd5 $15 Nxd5 15. cxd5) 14... Bf7 (14... Nxd5 $1 $17 {[%cal Od5f4] Hoping for ...Nf4!} 15. Nxd5 c6 16. bxc6 bxc6) 15. f3 $15 exf3 16. Bxf3 Qe7 17. Bd2 h5 18. Bg2 Bg6 19. Rae1 Bh6 20. Bc1 Qh7 21. a4 {[%cal Oe3e4]} Rae8 22. Ne2 Re7 23. h4 (23. Qd1 $17) 23... Ng4 (23... gxh4 $1 $19 {has better winning chances.} 24. gxh4 Qg7) 24. hxg5 (24. e4 $17 {might work better.} gxh4 25. e5 (25. Bxh6 $2 Qxh6 26. e5 hxg3 $19) 25... hxg3 26. Qxg3) 24... Bxg5 $19 25. Nf4 Bxf4 ({Better is} 25... h4 $17 26. e4 hxg3 27. Qxg3 Bh4) 26. Rxf4 $15 h4 {[%cal Bh5h4,Bh4h3,Bh3h2][%mdl 32]} 27. e4 $1 h3 28. Bf3 h2+ 29. Kg2 Qh5 {Strongly threatening ...Rh7.} 30. Qc2 {[#]} (30. Qd1 $11 {keeps the balance.}) 30... Rfe8 $2 {Really sharp! Black is more active.} ({Don't take} 30... Rh7 31. Kh1 $16) (30... Rxe4 $1 $17 31. Bxe4 fxe4 32. Rxf8+ (32. Qxc7 $2 Rxf4 33. Bxf4 e3 $19) 32... Kxf8 33. Qxc7 (33. Rf1+ Bf7 $11) 33... Bf7) 31. Kh1 $1 $14 Qh3 32. Qg2 (32. e5 $5 {[%cal Rf4g4]} Qxg3 33. Rf1 $14) 32... Qxg2+ 33. Kxg2 Nf6 $132 {[%cal Rf5e4][%mdl 2048] Black is fighting back} 34. e5 dxe5 35. dxe5 Rxe5 36. Rxe5 Rxe5 37. Bb2 Re1 38. Kf2 $2 {[%mdl 8192] [#]} (38. Kxh2 $11 Ng4+ 39. Kg2 (39. Bxg4 fxg4 40. Rxg4 Kf7 $11)) 38... Bh5 $1 $19 {[%mdl 512] And now ...Bxf3 would win. Black has a decisive advantage.} 39. Kxe1 Bxf3 40. Rh4 {[#] Black must now prevent d6.} Ng4 $1 {Weighted Error Value: White=0.50/Black=0.21 (precise)} 0-1